Estampas de mi ciudad
| מחבר ראשי: | |
|---|---|
| פורמט: | ספר |
| שפה: | Spanish |
| נושאים: |
MARC
| LEADER | 00000nam a22000007a 4500 | ||
|---|---|---|---|
| 003 | Ucuenca | ||
| 005 | 20231110062819.0 | ||
| 008 | 190124b1937 ec ||||| |||| 00| 0 spa d | ||
| 040 | |b spa | ||
| 041 | 0 | |a es | |
| 082 | 0 | |a 864.6 | |
| 100 | 1 | |9 232481 |a García Muñoz, Alfonso | |
| 245 | |a Estampas de mi ciudad |c Alfonso García Muñoz |h imp | ||
| 264 | |a Quito |b Imprenta de Educación |c 1937 | ||
| 300 | |a xvi, 319 páginas: |c 22 cm | ||
| 650 | 0 | |9 911 |a Ensayo ecuatoriano | |
| 650 | 0 | |a Literatura ecuatoriana |9 307 | |
| 942 | |2 ddc |c BK |z bladimir.cabrerar@ucuenca.edu.ec | ||
| 999 | |c 156785 |d 156785 | ||